Antropología y teoría social
Guardat en:
| Autor principal: | |
|---|---|
| Format: | Llibre |
| Idioma: | espanyol |
| Publicat: |
Ciudad de México
Siglo XXI
1990
|
| Edició: | 1a. ed |
| Col·lecció: | Antropología
|
| Matèries: | |
| Etiquetes: |
Afegir etiqueta
Sense etiquetes, Sigues el primer a etiquetar aquest registre!
|
MARC
| LEADER | 00000nam a2200000 a 4500 | ||
|---|---|---|---|
| 001 | UCH1790 | ||
| 003 | CL-VaPUC | ||
| 008 | 090514e19900000MX |||||||||||||||||spa|d | ||
| 020 | |a 9682316030 | ||
| 082 | 0 | 4 | |a 128 |b ULI |2 21 |
| 100 | 0 | |a Ulin, Robert C |e author |9 536348 | |
| 245 | 1 | 0 | |a Antropología y teoría social |
| 250 | |a 1a. ed | ||
| 300 | |a 251 p | ||
| 942 | |c BK | ||
| 945 | |d 20090514 00:00:00 |a rbrito | ||
| 260 | |a Ciudad de México |b Siglo XXI |c 1990 | ||
| 650 | 0 | |a Antropología filosófica |9 265842 | |
| 650 | 0 | |a Hermenéutica |9 269473 | |
| 650 | 0 | |a Racionalismo |9 259116 | |
| 650 | 0 | |a Filosofía del lenguaje |9 257082 | |
| 583 | |a last modification |c 20090514 00:00:00 |k Rodrigo Vera | ||
| 490 | 0 | |a Antropología | |
| 999 | |c 333703 |d 333701 | ||
| 952 | |0 0 |1 0 |4 0 |6 128_000000000000000_ULI_1990 |7 0 |8 A |9 422290 |a BIBGIM |b BIBGIM |d 2019-11-22 |i 4549732 |o 128 ULI 1990 |p 4549732 |r 2025-01-15 |w 2019-11-22 |y BK |k SSL | ||